[Event "Veneto-ch qf 65th"]
[Site "Arqua Petrarca"]
[Date "2005.05.15"]
[Round "5.26"]
[White "Menin, Massimo"]
[Black "Abazi, Rhui"]
[Result "0-1"]
[WhiteElo "1589"]
[BlackElo "1706"]
[PlyCount "53"]
[EventDate "2005.05.07"]
[EventType "swiss"]
[EventRounds "6"]
[EventCountry "ITA"]
[SourceTitle "EXT 2024"]
[Source "ChessBase"]
[SourceDate "2023.10.10"]
[SourceVersion "1"]
[SourceVersionDate "2023.10.10"]
[SourceQuality "1"]

1. e4 e5 2. f4 exf4 3. Nf3 Bc5 4. d4 Bb6 5. Bxf4 Ne7 6. Bd3 d6 7. 0-0 Bg4 8. c3 0-0 9. e5 Ng6 10. Bg3 dxe5 11. Bxg6 fxg6 12. Qb3+ Kh8 13. Nxe5 Rxf1+ 14. Kxf1 Qf6+ 15. Kg1 Be6 16. Qd1 c5 17. Na3 cxd4 18. cxd4 Nc6 19. Nc2 Nxe5 20. Bxe5 Qxe5 21. Kh1 Qd5 22. a3 Bf5 23. Nb4 Qxd4 24. Qe2 h6 25. Rd1 Qf2 26. Qe7 Kh7 27. Qxb7 0-1